| 000 | 00362nam a2200133Ia 4500 | ||
|---|---|---|---|
| 005 | 20260328104330.0 | ||
| 008 | 260328s9999||||xx |||||||||||||| ||und|| | ||
| 100 | _aMarkarian, Roberto | ||
| 245 | 0 |
_aLuis Mazzini Haroldo Albanell Mc Coll / _cRoberto Markarian |
|
| 260 | _bUniversidad de la República | ||
| 300 | _a47 p. | ||
| 650 | _aARQUITECTOS | ||
| 942 | _cBK | ||
| 999 |
_c11671 _d11671 |
||